<?xml version="1.0" encoding="UTF-8"?><marc:collection xmlns:marc="http://www.loc.gov/MARC21/slim">
  <marc:record>
    <marc:leader>00000nam##2200000za#4500</marc:leader>
    <marc:controlfield tag="001">9.581051</marc:controlfield>
    <marc:controlfield tag="003">CaOODSP</marc:controlfield>
    <marc:controlfield tag="005">20210624191332</marc:controlfield>
    <marc:controlfield tag="007">cr |||||||||||</marc:controlfield>
    <marc:controlfield tag="008">150406|2009||||xxc|||||o    f|0| 0 eng|d</marc:controlfield>
    <marc:datafield tag="022" ind1=" " ind2=" ">
      <marc:subfield code="a">1701-1280</marc:subfield>
    </marc:datafield>
    <marc:datafield tag="040" ind1=" " ind2=" ">
      <marc:subfield code="a">CaOODSP</marc:subfield>
      <marc:subfield code="b">eng</marc:subfield>
    </marc:datafield>
    <marc:datafield tag="043" ind1=" " ind2=" ">
      <marc:subfield code="a">n-cn---</marc:subfield>
    </marc:datafield>
    <marc:datafield tag="086" ind1="1" ind2=" ">
      <marc:subfield code="a">Fs70-4/2009-037E-PDF</marc:subfield>
    </marc:datafield>
    <marc:datafield tag="110" ind1="1" ind2=" ">
      <marc:subfield code="a">Canada. </marc:subfield>
      <marc:subfield code="b">Department of Fisheries and Oceans.</marc:subfield>
    </marc:datafield>
    <marc:datafield tag="245" ind1="1" ind2="0">
      <marc:subfield code="a">Proceedings of the Pacific Scientific Advice Review Committee (PSARC) Pelagic Subcommittee Meeting: Stock assessment and management advice for BC herring fishery, 2009 assessment and 2010 forecasts and herring multi-stock analysis : </marc:subfield>
      <marc:subfield code="h">[electronic resource]</marc:subfield>
      <marc:subfield code="b">September 2, 2009, Pacific Biological Station, Nanaimo, BC / </marc:subfield>
      <marc:subfield code="c">Linnea Flostrand. </marc:subfield>
    </marc:datafield>
    <marc:datafield tag="260" ind1=" " ind2=" ">
      <marc:subfield code="a">Nanaimo - British Columbia : </marc:subfield>
      <marc:subfield code="b">Fisheries and Oceans Canada </marc:subfield>
      <marc:subfield code="c">December 2009.</marc:subfield>
    </marc:datafield>
    <marc:datafield tag="300" ind1=" " ind2=" ">
      <marc:subfield code="a">26p.</marc:subfield>
      <marc:subfield code="b">references, tables</marc:subfield>
    </marc:datafield>
    <marc:datafield tag="490" ind1="1" ind2=" ">
      <marc:subfield code="a">Canadian Science Advisory Secretariat proceedings series</marc:subfield>
      <marc:subfield code="x">1701-1280</marc:subfield>
      <marc:subfield code="v">2009/037</marc:subfield>
    </marc:datafield>
    <marc:datafield tag="590" ind1=" " ind2=" ">
      <marc:subfield code="a">14-20-Supp</marc:subfield>
      <marc:subfield code="b">2014-11-25</marc:subfield>
    </marc:datafield>
    <marc:datafield tag="830" ind1="#" ind2="0">
      <marc:subfield code="a">Proceedings series (Canadian Science Advisory Secretariat)</marc:subfield>
      <marc:subfield code="x">1701-1280</marc:subfield>
      <marc:subfield code="v">2009/037</marc:subfield>
      <marc:subfield code="w">(CaOODSP)9.506483</marc:subfield>
    </marc:datafield>
    <marc:datafield tag="856" ind1="4" ind2="0">
      <marc:subfield code="a">http://publications.gc.ca</marc:subfield>
      <marc:subfield code="q">PDF</marc:subfield>
      <marc:subfield code="s">112 KB</marc:subfield>
      <marc:subfield code="u">https://publications.gc.ca/collections/collection_2014/mpo-dfo/Fs70-4-2009-037-eng.pdf</marc:subfield>
      <marc:subfield code="y">2009/037</marc:subfield>
    </marc:datafield>
  </marc:record>
</marc:collection>
